ბათუმის შოთა რუსთაველის სახელმწიფო უნივერსიტეტის ბიბლიოთეკა

ტუბერკულოზი და მასთან ბრძოლა / (ბიბ.ჩანაწერი № 62055)

000 -ლიდერი
ფიქსირებული სიგრძის საკონტროლო ველი 00750nam a22001817a 4500
003 - საკონტროლო ნომრის იდენტიფიკატორი
საკონტროლო ველი Ge_BSU
005 - ბოლო ოპერაციის თარიღი და დრო
საკონტროლო ველი 20240628092651.0
008 - ფიქსირებული სიგრძის მონაცემთა ელემენტები - ზოგადი ინფორმაცია
ფიქსირებული სიგრძის საკონტროლო ველი 240627s1954 ge ||||| |||| 00| 0 geo d
041 ## - ენის კოდი
Language code of text/sound track or separate title geo
080 ## - უნივერსალური ათობითი კლასიფიკაციის ინდექსი
Universal Decimal Classification number 616.24-002.5 ჩ-46
100 ## - მთავარი ჩანაწერი - პიროვნების სახელი
Personal name ჩერვონსკი, ი.პ.
9 (RLIN) 22619
245 ## - ცნობა სათაურის შესახებ
Title ტუბერკულოზი და მასთან ბრძოლა /
Statement of responsibility, etc ი.პ. ჩერვონსკი; რედ. ლ. საყვარელიძე.
264 ## - წარმოების, გამოცემის, დისტრიბუციის და სხვა ცნობები
გამოცემის, წარმოების, დისტრიბუციის... ადგილი თბ. :
გამოცემის, წარმოების, დისტრიბუციის... სახელწოდება საქმედგამი,
გამოცემის, წარმოების, დისტრიბუციის... თარიღი 1954.
300 ## - ფიზიკური აღწერა
Extent 40 გვ. ;
Other physical details 18 სმ.
653 ## - INDEX TERM--UNCONTROLLED
Uncontrolled term ტუბერკულოზი
700 ## - ADDED ENTRY--PERSONAL NAME
Personal name საყვარელიძე, ლ.
Relator term რედაქტორი
9 (RLIN) 22620
942 ## - ADDED ENTRY ELEMENTS (KOHA)
Source of classification or shelving scheme
Koha item type წიგნი
ეგზემპლარები
ჩამოწერის სტატუსი დაკარგული ეგზემპლარის სტატუსი კლასიფიკაციის წყარო ან თაროზე გაწყობის სქემა დაზიანების სტატუსი არ გაიცემა მუდმივი მდებარეობა (დაცვის ადგილი) ამჟამინდელი ადგილსამყოფელი თაროზე განთავსების ადგილი შეძენის თარიღი ღირებულება, შესყიდვის ნორმალური ფასი სრული შენახვის შიფრი შტრიხკოდი ბოლო ოპერაციის თარიღი ეგზემპლარის მიმდევრობითი ნომერი (კეტერი?) ფასის ძალაში შესვლის თარიღი ეგზემპლარის სახეობა საჯარო შენიშვნა
          ბათუმის შოთა რუსთაველის სახელმწიფო უნივერსიტეტის მთავარი ბიბლიოთეკა ბათუმის შოთა რუსთაველის სახელმწიფო უნივერსიტეტის მთავარი ბიბლიოთეკა წიგნსაცავი 2024-06-27 0.10 616.24-002.5 ჩ-46 68366 2024-06-27 68366 2024-06-27 წიგნი 0.10 თ.
          ბათუმის შოთა რუსთაველის სახელმწიფო უნივერსიტეტის მთავარი ბიბლიოთეკა ბათუმის შოთა რუსთაველის სახელმწიფო უნივერსიტეტის მთავარი ბიბლიოთეკა წიგნსაცავი 2024-06-27 0.10 616.24-002.5 ჩ-46 68367 2024-06-27 68367 2024-06-27 წიგნი 0.10 თ.